Georgia : Selected Issues.

This Selected Issues paper assesses macroeconomic and structural reforms in Georgia. The government's reform package includes a fiscal policy within a declining deficit path which intends to incentivize private investment, a scaling up of public investment, improvement in government's effi...

وصف كامل

التفاصيل البيبلوغرافية
مؤلف مشترك: International Monetary Fund. Middle East and Central Asia Dept
التنسيق: دورية
اللغة:English
منشور في: Washington, D.C. : International Monetary Fund, 2018.
سلاسل:IMF Staff Country Reports; Country Report ; No. 2018/199
الوصول للمادة أونلاين:Full text available on IMF
LEADER 01784cas a2200241 a 4500
001 AALejournalIMF018613
008 230101c9999 xx r poo 0 0eng d
020 |c 5.00 USD 
020 |z 9781484364062 
022 |a 1934-7685 
040 |a BD-DhAAL  |c BD-DhAAL 
110 2 |a International Monetary Fund.  |b Middle East and Central Asia Dept. 
245 1 0 |a Georgia :   |b Selected Issues. 
264 1 |a Washington, D.C. :  |b International Monetary Fund,  |c 2018. 
300 |a 1 online resource (57 pages) 
490 1 |a IMF Staff Country Reports 
500 |a <strong>Off-Campus Access:</strong> No User ID or Password Required 
500 |a <strong>On-Campus Access:</strong> No User ID or Password Required 
506 |a Electronic access restricted to authorized BRAC University faculty, staff and students 
520 3 |a This Selected Issues paper assesses macroeconomic and structural reforms in Georgia. The government's reform package includes a fiscal policy within a declining deficit path which intends to incentivize private investment, a scaling up of public investment, improvement in government's efficiency, and an education reform. Based on modeling analysis, the implementation of this package will provide significant benefits to the economy. Over the long term, real GDP is estimated to be about 5 percent higher than in the baseline and-in the path toward the new equilibrium-annual growth about 0.7 percentage points higher over the medium term. The education reform has sizeable effects, but they only come into effect in the long term. 
538 |a Mode of access: Internet 
830 0 |a IMF Staff Country Reports; Country Report ;  |v No. 2018/199 
856 4 0 |z Full text available on IMF  |u http://elibrary.imf.org/view/journals/002/2018/199/002.2018.issue-199-en.xml  |z IMF e-Library